[Event "New York Marshall CC 04"]
[Site "New York"]
[Date "2025.04.19"]
[Round "3"]
[White "Cheung, Kyle"]
[Black "Sen, Samant Robert"]
[Result "1-0"]
[WhiteElo "1934"]
[BlackElo "1771"]
[PlyCount "149"]
[EventDate "2025.04.18"]
[EventType "swiss"]
[EventRounds "5"]
[EventCountry "USA"]
[SourceTitle "CB17_2025"]
[SourceDate "2025.04.23"]
[SourceVersion "1"]
[SourceVersionDate "2025.04.23"]
[SourceQuality "1"]

1. e4 d6 2. d4 Nf6 3. Nc3 Nbd7 4. f4 e5 5. Nf3 exd4 6. Qxd4 c6 7. b3 Qc7 8. Bb2 Be7 9. Qd2 Nb6 10. Bd3 Bd7 11. a4 a5 12. Ne2 h6 13. 0-0 0-0 14. Ng3 Nh7 15. Rad1 d5 16. e5 f5 17. exf6 Nxf6 18. Ne5 Ng4 19. Ng6 Bc5+ 20. Kh1 Rf7 21. Rde1 Re8 22. Rxe8+ Bxe8 23. h3 Nf6 24. Qxa5 Bd6 25. Nf5 Nc8 26. Qe1 Bd7 27. Qh4 Bxf5 28. Bxf5 Ne7 29. Nxe7+ Qxe7 30. Re1 Ne4 31. Qxe7 Rxe7 32. Bxe4 dxe4 33. g3 Kf7 34. Kg2 Kg6 35. Rd1 Bc7 36. Kf2 Kf5 37. Ke2 h5 38. Bc1 g5 39. fxg5 Bxg3 40. Rf1+ Kg6 41. Rf6+ Kg7 42. Bb2 Be5 43. Bxe5 Rxe5 44. h4 e3 45. Rh6 Re4 46. Rxh5 Kg6 47. Rh8 Kg7 48. Rb8 Rxh4 49. Rxb7+ Kg6 50. Kxe3 Rh3+ 51. Kd4 Kxg5 52. Rc7 Rh6 53. Kc5 Kf5 54. Rxc6 Rh7 55. c4 Ke4 56. Rd6 Ke5 57. Rd8 Ke4 58. a5 Rh5+ 59. Kb4 Rh7 60. c5 Rb7+ 61. Kc4 Ke5 62. Re8+ Kf6 63. b4 Rh7 64. a6 Rh4+ 65. Kb5 Rh7 66. c6 Rh5+ 67. Kb6 Rh4 68. b5 Rh7 69. a7 Kf7 70. a8Q Rh6 71. Rf8+ Kg7 72. Qe8 Rf6 73. Qe7+ Rf7 74. Rxf7+ Kh8 75. Rf8# 1-0